00257 a2200121 4500001000700000020000600007040001100013100001800024240003800042245003300080362000900113440001300122160418 a  cMagnum aBauer, Carlos10aA amiguinha que eu encontreilpor10aA amiguinha que eu encontrei0 a1899 1aPaulinas